Jogadores com figurinha Extra no álbum da copa do mundo - Statistics

Estatísticas Gerais
  • Esse quiz foi jogado 87 vezes
  • A pontuação média é 15 de 20
Estatísticas das Respostas
Nacionalidade Jogador % Correto
Brasil Neymar Jr
100%
Argentina Lionel Messi
99%
Portugal Cristiano Ronaldo
97%
Croácia Luka Modric
97%
França Kylian Mbappé
94%
Bélgica Kevin de Bruyne
93%
Coreia do Sul Heung Min Son
92%
Uruguai Luís Suarez
92%
Senegal Sadio Mané
89%
México Guillermo Ochoa
85%
Polônia Robert Lewandowski
83%
Dinamarca Christian Eriksen
80%
Canadá Alphonso Davies
77%
Espanha Gavi
66%
Sérvia Dusan Vlahovic
52%
Inglaterra Jude Bellingham
42%
França Raphäel Varane
39%
Catar Almoez Ali
38%
EUA Giovanni Reyna
28%
Holanda Ryan Gravenberch
25%
Nenhum quiz correspondente encontrado
Distribuição das Pontuações
Porcentagem de Pessoas com Cada Pontuação
Percentil de Números Respondidos
Sua Pontuação Histórica
Você não jogou esse quiz